000 01267nmc a2200409 a 4500
003 AR-BaBNM
005 20251128210627.0
008 310020s1999 ||||||||||||||000 | spa||
020 _a84-7432-760-1
040 _cAR-BaBNM
245 1 0 _aEl aprendizaje a través de la indagación
_bdocentes y alumnos diseñan juntos el currículo
250 _a1ª ed.
260 _aBarcelona
_bGedisa
_c1999
300 _a271 p.
_bgráfs., tablas
490 0 _aBiblioteca de educación. Didáctica general
_vv. 3
500 _aContiene referencias bibliográficas
650 4 _aCURRICULO
650 4 _aMETODOS DE ENSENANZA
650 4 _aINVESTIGACION EN LA CLASE
650 4 _aROL DEL DOCENTE
650 4 _aPARTICIPACION DEL ALUMNO
650 4 _aENSENANZA DE LA HISTORIA
650 4 _aENSENANZA DE LAS CIENCIAS SOCIALES
650 4 _aACTIVIDADES DE APRENDIZAJE
653 _aEDUCACION PRIMARIA
653 _aEXPERIENCIAS EDUCATIVAS
653 _aEDUCACION INICIAL
700 1 _aShort, Kathy G.
700 1 _aSchroeder, Jean
700 1 _aLaird, Julie
700 1 _aKauffman, Gloria
700 1 _aFerguson, Margaret J.
700 1 _aCrawford, Kathleen Marie
800 1 _aCamilloni, Alicia R.W. de
_edirector
942 _cBK
998 _cRAQUEL
999 _c16237
_d16237